000
00269nam a2200097Ia 4500
001
955444
005
20250826215805.0
008
250824s9999 xx 000 0 und d
245
0
_a
HER ŞEY HAKİKATİ GÖRMEKLE BAŞLAR
_c
BÜLENT GARDİYANOĞLU
260
_b
DESTEK YAYINLARI
999
_c
955444
_d
955444